Random Country flags (Easy) - Statistics

General Stats
  • This quiz has been taken 73 times
  • The average score is 16 of 16
Answer Stats
Picture Answer % Correct
Brazil
100%
Canada
100%
China
100%
Germany
100%
India
100%
Japan
100%
Mexico
100%
Spain
100%
United Kingdom
100%
United States
100%
Australia
98%
France
98%
Argentina
97%
Italy
97%
Russia
95%
Nigeria
81%
No matching quizzes found
Score Distribution
Percent of People with Each Score
Percentile by Number Answered
Your Score History
You have not taken this quiz